000 00381 a2200169 4500
001 50271
020 _a8506044367
040 _cAnchieta - Bela Vista
100 _aMuniz, Flávia.
240 1 0 _aPrimeiras histórias
_lpor
245 1 0 _aPrimeiras histórias
300 _a31
362 0 _a2005
440 1 _aMelhoramentos
650 4 _aLiteratura infanto-juvenil
942 _cBK
999 _c50271
_d50271